| 000 | 00387nam a2200157Ia 4500 | ||
|---|---|---|---|
| 008 | 230524s9999 xx 000 0 und d | ||
| 082 |
_a621.382 _bHAM |
||
| 100 | _aHam | ||
| 245 | 0 | _aPrinciples of Neurocomputing for Science & Engineering | |
| 250 | _aIST | ||
| 260 |
_aNEW DELHI _bTMH _c2007 |
||
| 300 | _aIX;355 | ||
| 500 | _aQuantity Number: 5 | ||
| 650 | _aComp-Sc | ||
| 942 | _cBK | ||
| 999 |
_c37537 _d37537 |
||